Online Catalogue and eLibrary

Du Fragst Mich, Warum Ich Gedichte Schreibe : (Record no. 4351)

MARC details
000 -LEADER
fixed length control field 00415nam a2200157Ia 4500
005 - DATE AND TIME OF LATEST TRANSACTION
control field 20241015043240.0
008 - FIXED-LENGTH DATA ELEMENTS--GENERAL INFORMATION
fixed length control field 240331s9999 xx 000 0 und d
020 ## - INTERNATIONAL STANDARD BOOK NUMBER
ISBN 3875124065
082 ## - DDC Classification
Item Number - Author Mark RAN
Class No. 820
100 ## - MAIN ENTRY--PERSONAL NAME
Personal name Ranasinghe, A
245 #0 - TITLE STATEMENT
Title Du Fragst Mich, Warum Ich Gedichte Schreibe :
Remainder of title you ask me why i write poems
260 ## - PUBLICATION, DISTRIBUTION, ETC.
Place of publication, distribution, etc. USA
Name of publisher, distributor, etc. Triton College
Date of publication, distribution, etc. 1994
300 ## - PHYSICAL DESCRIPTION
Extent (e.g. Volumes, Pages etc.) 71 p .,
650 ## - SUBJECT ADDED ENTRY--TOPICAL TERM
Topical term or geographic name entry element Poems
942 ## - Koha item type (Biblio)
Koha item type Books in Stacks (Lending)
Holdings
Lost status Damaged status Collection code Home library Current library Shelving location Date acquired Full call number Accession Number Item type
    Lending WERC Library WERC Library Social Science Cupboard 03/31/2024 820 RAN 5090 Books in Stacks (Lending)

© WERC Library